header

In the shadows of the tropics (Record no. 128207)

MARC details
000 -LEADER
fixed length control field 01496nam a22003614a 4500
082 04 - DEWEY DECIMAL CLASSIFICATION NUMBER
Classification number 338.1/737309549309034
100 1# - MAIN ENTRY--AUTHOR NAME
Personal name Duncan, James S.
245 10 - TITLE STATEMENT
Title In the shadows of the tropics
260 ## - PUBLICATION, DISTRIBUTION, ETC. (IMPRINT)
Place of publication Aldershot, England ;
-- Burlington, VT :
Name of publisher Ashgate,
Year of publication c2007.
300 ## - PHYSICAL DESCRIPTION
Number of Pages xvi, 212 p. :
Other physical details ill., maps.
490 1# - SERIES STATEMENT
Series statement Re-materialising cultural geography
650 #0 - SUBJECT ADDED ENTRY--TOPICAL TERM
Topical Term Coffee industry
Topical Term Race.
856 40 - ELECTRONIC LOCATION AND ACCESS
Uniform Resource Identifier http://site.ebrary.com/lib/rucke/Doc?id=10215629

No items available.

© 2026 Rongo University
Contact us: librarian | system librarian | Rongo university